Statistics for Smash Characters by Game (Yellow Box)

Click here to take the quiz!

General Stats

  • This quiz has been taken 28 times
    (12 since last reset)
  • The average score is 58 of 86

Answer Stats

CharactersGame% Correct
MarioMario
100%
Donkey KongDonkey Kong
88%
Ice ClimbersIce Climbers
88%
KirbyKirby
88%
Dr. MarioMario
88%
BowserMario
88%
DaisyMario
88%
PeachMario
88%
LuigiMario
88%
Bowser jr.Mario
88%
Mii BrawlerMii
88%
Mii SwordfighterMii
88%
Mii GunnerMii
88%
Pac-ManPac-Man
88%
GreninjaPokémon
88%
Pokémon TrainerPokémon
88%
MewtwoPokémon
88%
PichuPokémon
88%
LucarioPokémon
88%
PikachuPokémon
88%
JigglypuffPokémon
88%
SonicSonic
88%
FalcoStar Fox
88%
FoxStar Fox
88%
WolfStar Fox
88%
LinkThe Legend of Zelda
88%
Toon LinkThe Legend of Zelda
88%
ZeldaThe Legend of Zelda
88%
Young LinkThe Legend of Zelda
88%
GanondorfThe Legend of Zelda
88%
Wii Fit TrainerWii Fit
88%
VillagerAnimal Crossing
75%
BayonettaBayonetta
75%
King K. RoolDonkey Kong
75%
Diddy KongDonkey Kong
75%
Duck HuntDuck Hunt
75%
Meta KnightKirby
75%
King DededeKirby
75%
Piranha PlantMario
75%
Rosalina & LumaMario
75%
Mega ManMega Man
75%
SnakeMetal Gear
75%
Dark SamusMetroid
75%
Zero Suit SamusMetroid
75%
SamusMetroid
75%
KenStreet Fighter
75%
RyuStreet Fighter
75%
SheikThe Legend of Zelda
75%
WarioWario
75%
YoshiYoshi
75%
IsabelleAnimal Crossing
63%
Banjo & KazooieBanjo & Kazooie
63%
MarthFire Emblem
63%
ChromFire Emblem
63%
LucinaFire Emblem
63%
IkeFire Emblem
63%
RoyFire Emblem
63%
Mr. Game & WatchGame & Watch
63%
RidleyMetroid
63%
OlimarPikmin
63%
IncineroarPokémon
63%
Little MacPunch-Out
63%
R.O.BR.O.B
63%
SimonCastlevania
50%
RichterCastlevania
50%
CloudFinal Fantasy
50%
RobinFire Emblem
50%
SoraKingdom Hearts
50%
Steve / AlexMinecraft
50%
InklingSplatoon
50%
ShulkXenoblade
50%
NessEarthBound
38%
LucasEarthBound
38%
SephirothFinal Fantasy
38%
Captain FalconF-Zero
38%
PitKid Icarus
38%
Dark PitKid Icarus
38%
JokerPersona
38%
KazuyaTekken
38%
Min MinArms
25%
CorrinFire Emblem
25%
PalutenaKid Icarus
25%
HeroDragon Quest
13%
TerryFatal Fury
13%
BylethFire Emblem
13%
Pyra/MythraXenoblade
13%

Score Distribution

Percentile by Number Answered

Percent of People with Each Score

Your Score History

You have not taken this quiz since the last reset